000
00325nam a2200133Ia 4500
005
20260328101510.0
008
260328s9999||||xx |||||||||||||| ||und||
100
_a
Le Corbusier
245
0
_a
La Ciudad del Futuro /
_c
Le Corbusier
260
_b
Ediciones Infinito
300
_a
183 p.
650
_a
DISEÑO URBANO
942
_c
BK
999
_c
9184
_d
9184